书目信息 |
| 题名: |
建筑中国
|
|
| 作者: | 王振复 著 | |
| 分册: | ||
| 出版信息: | 北京 中华书局 2021.07 |
|
| 页数: | 339页 | |
| 开本: | 23cm | |
| 丛书名: | ||
| 单 册: | ||
| 中图分类: | TU-862 | |
| 科图分类: | ||
| 主题词: | 建筑艺术--jian zhu yi shu--中国 | |
| 电子资源: | ||
| ISBN: | 978-7-101-15189-3 | |
| 000 | 01021nam0 2200265 450 | |
| 001 | CAL 0120217244399 | |
| 005 | 20230307174136.26 | |
| 010 | @a978-7-101-15189-3@b精装@dCNY59.00 | |
| 100 | @a20210826d2021 em y0chiy0120 ea | |
| 101 | 0 | @achi |
| 102 | @aCN@b110000 | |
| 105 | @aa a 000yy | |
| 106 | @ar | |
| 200 | 1 | @a建筑中国@Ajian zhu zhong guo@e半片砖瓦到十里楼台@f王振复著 |
| 210 | @a北京@c中华书局@d2021.07 | |
| 215 | @a339页@c图@d23cm | |
| 314 | @a王振复, 复旦大学中文系教授等职。 | |
| 320 | @a有书目 (第333-335页) | |
| 330 | @a本书是关于中国建筑艺术与文化的大众普及类著作, 由“大之部”与“小之部”组成。“大”指亭台楼阁等建筑门类, “小”即雕梁画栋等建筑构件, 从建筑技术、艺术、文化等各方面, 宏观、微观结合, 全面梳理中国建筑, 品读建筑中的中国文化。 | |
| 517 | 1 | @a半片砖瓦到十里楼台@Aban pian zhuan wa dao shi li lou tai |
| 606 | 0 | @a建筑艺术@Ajian zhu yi shu@y中国 |
| 690 | @aTU-862@v5 | |
| 701 | 0 | @a王振复@Awang zhen fu@4著 |
| 801 | 0 | @aCN@bBJXHZP@c20230228 |
| 905 | @b1407863-6@dTU-862@e284@f4 | |
| 建筑中国:半片砖瓦到十里楼台/王振复著.-北京:中华书局,2021.07 |
| 339页:图;23cm |
| ISBN 978-7-101-15189-3(精装):CNY59.00 |
| 本书是关于中国建筑艺术与文化的大众普及类著作, 由“大之部”与“小之部”组成。“大”指亭台楼阁等建筑门类, “小”即雕梁画栋等建筑构件, 从建筑技术、艺术、文化等各方面, 宏观、微观结合, 全面梳理中国建筑, 品读建筑中的中国文化。 |
| ● |
| 相关链接 |
|
|
|
|
正题名:建筑中国
索取号:TU-862/284
 
预约/预借
| 序号 | 登录号 | 条形码 | 馆藏地/架位号 | 状态 | 备注 |
| 1 | 1407863 | 214078638 | 第二样本阅览室/ [索取号:TU-862/284] | 在馆 | |
| 2 | 1407864 | 214078647 | 第三借阅区/ [索取号:TU-862/284] | 在馆 | |
| 3 | 1407865 | 214078656 | 第三借阅区/ [索取号:TU-862/284] | 在馆 | |
| 4 | 1407866 | 214078665 | 第三借阅区/ [索取号:TU-862/284] | 在馆 |